[Event "17. Int. Boeblinger Open"]
[Site "Boeblingen"]
[Date "2000.12.28"]
[Round "4"]
[White "Born, Mario"]
[Black "Foerster, Bernhard"]
[Result "1-0"]
[WhiteElo "2223"]
[BlackElo "2019"]
[PlyCount "73"]
[EventDate "2000.12.26"]

1. Nf3 Nf6 2. g3 d5 3. Bg2 c6 4. d4 Bf5 5. O-O e6 6. c4 Bd6 7. Qb3 Qb6 8. Nc3
Qxb3 9. axb3 Nbd7 10. Bf4 Be7 11. c5 O-O 12. Ra4 a6 13. h3 h6 14. Nd2 g5 15.
Be3 e5 16. dxe5 Nxe5 17. f4 gxf4 18. Raxf4 Bg6 19. Rxf6 Bxf6 20. Rxf6 Kg7 21.
Rd6 Rad8 22. Rxd8 Rxd8 23. Bd4 f6 24. Kf2 Re8 25. Bf3 Re7 26. g4 Bc2 27. b4 Kf7
28. Nf1 Kg7 29. Ne3 Bg6 30. Na4 Nd7 31. h4 Be4 32. g5 hxg5 33. hxg5 Kg6 34.
gxf6 Nxf6 35. Nb6 Re8 36. Ng4 Bxf3 37. Nxf6 1-0

[Event "17. Int. Boeblinger Open"]
[Site "Boeblingen"]
[Date "2000.12.28"]
[Round "4"]
[White "Doettling, Fabian"]
[Black "Schaefer, Michael"]
[Result "1/2-1/2"]
[WhiteElo "2475"]
[BlackElo "2221"]
[PlyCount "46"]
[EventDate "2000.12.26"]

1. d4 Nf6 2. Nf3 g6 3. c4 Bg7 4. Nc3 d5 5. Bg5 c5 6. dxc5 Qa5 7. cxd5 Nxd5 8.
Qxd5 Bxc3+ 9. Bd2 Be6 10. Bxc3 Qxc3+ 11. Qd2 Qxd2+ 12. Kxd2 Na6 13. e3 Rd8+ 14.
Nd4 Nxc5 15. Bb5+ Bd7 16. Bxd7+ Rxd7 17. Rac1 Ne4+ 18. Ke2 O-O 19. f3 Nd6 20.
Rhd1 Rc8 21. Rxc8+ Nxc8 22. Rc1 Nb6 23. Nb3 Na4 1/2-1/2

[Event "17. Int. Boeblinger Open"]
[Site "Boeblingen"]
[Date "2000.12.28"]
[Round "4"]
[White "Florea, Dan"]
[Black "Szenetra, Werner"]
[Result "1-0"]
[WhiteElo "2298"]
[BlackElo "2193"]
[PlyCount "75"]
[EventDate "2000.12.26"]

1. d4 g6 2. c4 Bg7 3. e4 d6 4. Be2 Nc6 5. Nf3 Bg4 6. Be3 e5 7. d5 Bxf3 8. Bxf3
Nd4 9. Nc3 Nxf3+ 10. Qxf3 Ne7 11. Qe2 O-O 12. O-O f5 13. f3 Kh8 14. c5 dxc5 15.
Bxc5 Rf6 16. Rfd1 Nc8 17. exf5 Rxf5 18. Ne4 Nd6 19. Rac1 Qd7 20. Bxd6 cxd6 21.
Qc4 Bh6 22. Rc3 Raf8 23. Qb4 Rd8 24. Qa3 a6 25. Qa5 Rf7 26. Qb6 Qe7 27. Rc4 Rd7
28. Rd3 Rf8 29. Qf2 Rfd8 30. Qg3 Rc7 31. Rdc3 Rdc8 32. Rxc7 Rxc7 33. Qh3 Bf8
34. Qg4 Rxc3 35. bxc3 Qc7 36. h4 Kg7 37. Ng5 Qxc3 38. Qd7+ 1-0

[Event "17. Int. Boeblinger Open"]
[Site "Boeblingen"]
[Date "2000.12.28"]
[Round "4"]
[White "Gheng, Josef"]
[Black "Atalik, Suat"]
[Result "0-1"]
[WhiteElo "2321"]
[BlackElo "2552"]
[PlyCount "92"]
[EventDate "2000.12.26"]

1. e4 c5 2. Nf3 Nc6 3. d4 cxd4 4. Nxd4 Nf6 5. Nc3 d6 6. Bg5 e6 7. Qd2 a6 8. Be2
Be7 9. O-O h6 10. Bh4 Bd7 11. Rad1 Nxd4 12. Qxd4 Bc6 13. Bg3 e5 14. Qe3 Qc7 15.
Kh1 g5 16. Bc4 b5 17. Bb3 b4 18. Nd5 Nxd5 19. Rxd5 Bxd5 20. Bxd5 Rb8 21. Qf3
Bd8 22. Qh5 Qe7 23. Rd1 Kf8 24. Bb3 Rb7 25. Qe2 a5 26. Qa6 Bb6 27. h3 Rb8 28.
Rd3 Kg7 29. Rf3 f6 30. h4 Bd4 31. c3 bxc3 32. bxc3 Ra8 33. Qe2 Bc5 34. Rf5 a4
35. Bd5 Rab8 36. Kh2 a3 37. f4 Rb2 38. Qf3 exf4 39. Bxf4 Rf2 40. Qg3 Rf1 41.
Bc4 Qxe4 42. Bd3 Bg1+ 43. Kh3 Qxf5+ 44. Bxf5 Rxf4 45. Qd3 Rxh4+ 46. Kg3 Re8 0-1

[Event "17. Int. Boeblinger Open"]
[Site "Boeblingen"]
[Date "2000.12.28"]
[Round "4"]
[White "Gross, Stefan"]
[Black "Prestel, Oliver"]
[Result "1/2-1/2"]
[WhiteElo "2372"]
[BlackElo "2195"]
[PlyCount "76"]
[EventDate "2000.12.26"]

1. e4 c5 2. Nf3 d6 3. d4 cxd4 4. Nxd4 Nf6 5. Nc3 e6 6. f4 Nc6 7. Be3 Qc7 8. Be2
a6 9. Qd2 Bd7 10. g4 Nxd4 11. Qxd4 e5 12. Qd2 Bc6 13. Bf3 Be7 14. f5 Rc8 15. g5
Nd7 16. O-O-O Nb6 17. Bxb6 Qxb6 18. Kb1 Qc5 19. f6 gxf6 20. gxf6 Bxf6 21. Bg4
Rc7 22. Qh6 Be7 23. Rhf1 Bxe4 24. Nxe4 Qxc2+ 25. Ka1 Qxe4 26. Qg7 Rf8 27. Bh5
Qc4 28. Qxh7 e4 29. Qh6 Rc5 30. Rc1 Qd5 31. Rxc5 dxc5 32. h4 c4 33. Rd1 Qe5 34.
Qd2 Rh8 35. Qd7+ Kf8 36. Qc8+ Kg7 37. Qg4+ Kf8 38. Qc8+ Kg7 1/2-1/2

[Event "17. Int. Boeblinger Open"]
[Site "Boeblingen"]
[Date "2000.12.28"]
[Round "4"]
[White "Gruettner, Ralf"]
[Black "Hellmayr, Alois"]
[Result "0-1"]
[WhiteElo "2066"]
[BlackElo "2263"]
[PlyCount "74"]
[EventDate "2000.12.26"]

1. e4 c5 2. Nc3 Nc6 3. g3 g6 4. Bg2 Bg7 5. f4 d6 6. Nf3 e6 7. O-O Nge7 8. d3
O-O 9. Ne2 Rb8 10. g4 f5 11. gxf5 exf5 12. Kh1 Kh8 13. Ng3 b5 14. Ng5 Nd4 15.
c3 Ne6 16. exf5 Nxf5 17. Nxf5 Rxf5 18. Bh3 Nxg5 19. Bxf5 Bb7+ 20. Kg1 Nf3+ 21.
Rxf3 Bxf3 22. Qxf3 gxf5 23. Bd2 b4 24. cxb4 cxb4 25. Qd5 Bxb2 26. Rb1 Qf6 27.
Be3 Bc3 28. Rc1 Re8 29. Rxc3 Rxe3 30. Rc8+ Kg7 31. Rg8+ Kh6 32. Kf2 Qe7 33. Qd4
Re2+ 34. Kf3 Rxh2 35. Kg3 Qh4+ 36. Kf3 Qh3+ 37. Rg3 Qf1+ 0-1

[Event "17. Int. Boeblinger Open"]
[Site "Boeblingen"]
[Date "2000.12.28"]
[Round "4"]
[White "Hedler, Thomas"]
[Black "Dietrich, Ralf"]
[Result "0-1"]
[WhiteElo "2079"]
[BlackElo "2265"]
[PlyCount "44"]
[EventDate "2000.12.26"]

1. d4 Nf6 2. c4 g6 3. Nc3 Bg7 4. e4 d6 5. f4 O-O 6. Nf3 Na6 7. e5 Ne8 8. Be2 c5
9. dxc5 Nxc5 10. b4 Nd7 11. Be3 Nc7 12. Qb3 dxe5 13. O-O-O exf4 14. Bxf4 e5 15.
Bxe5 Bxe5 16. Ne4 Qe7 17. Bd3 a5 18. c5 axb4 19. Nxe5 Qxe5 20. Rhf1 Nxc5 21.
Nxc5 Qxc5+ 22. Kb1 Be6 0-1

[Event "17. Int. Boeblinger Open"]
[Site "Boeblingen"]
[Date "2000.12.28"]
[Round "4"]
[White "Holzinger, Eugen"]
[Black "Hauke, Christian"]
[Result "1/2-1/2"]
[WhiteElo "2026"]
[BlackElo "2262"]
[PlyCount "62"]
[EventDate "2000.12.26"]

1. e4 d6 2. d4 Nf6 3. Nc3 Nbd7 4. Nf3 e5 5. Bc4 Be7 6. dxe5 dxe5 7. Ng5 O-O 8.
Bxf7+ Rxf7 9. Ne6 Qe8 10. Nxc7 Qd8 11. Nxa8 b5 12. Nd5 Bd6 13. Bg5 Bb7 14. Qd3
Nc5 15. Qxb5 Qxa8 16. Bxf6 gxf6 17. f3 Qc8 18. O-O-O Ba6 19. Qa5 Nd3+ 20. Kb1
Nf2 21. Ne3 Nxd1 22. Rxd1 Bf8 23. Rd8 Qc7 24. Rxf8+ Kxf8 25. Qxa6 Qc5 26. Qd3
Ke8 27. a4 Rb7 28. Qd5 Qb6 29. Qg8+ Kd7 30. Qf7+ Kd8 31. Qf8+ Kd7 1/2-1/2

[Event "17. Int. Boeblinger Open"]
[Site "Boeblingen"]
[Date "2000.12.28"]
[Round "4"]
[White "Huber, Martin"]
[Black "Kotz, Reinhard"]
[Result "1-0"]
[WhiteElo "2212"]
[BlackElo "2017"]
[PlyCount "43"]
[EventDate "2000.12.26"]

1. d4 Nf6 2. Nf3 g6 3. c4 c5 4. d5 b5 5. cxb5 a6 6. bxa6 Bxa6 7. Nc3 d6 8. e4
Bxf1 9. Kxf1 Bg7 10. g3 O-O 11. Kg2 Qb6 12. Qe2 Na6 13. e5 Ne8 14. h4 Nec7 15.
h5 Nb4 16. hxg6 hxg6 17. Qe4 dxe5 18. Qh4 f6 19. Qh7+ Kf7 20. Rh6 Rg8 21. Qxg6+
Kf8 22. Nxe5 1-0

[Event "17. Int. Boeblinger Open"]
[Site "Boeblingen"]
[Date "2000.12.28"]
[Round "4"]
[White "Junginger, Andreas"]
[Black "Hoeschele, Hans-Ulrich"]
[Result "0-1"]
[WhiteElo "2052"]
[BlackElo "2233"]
[PlyCount "112"]
[EventDate "2000.12.26"]

1. e4 d6 2. d4 Nf6 3. Nc3 Nbd7 4. Nf3 e5 5. Bc4 Be7 6. O-O O-O 7. Bg5 c6 8. a4
h6 9. Bh4 Nxe4 10. Nxe4 d5 11. Bxe7 Qxe7 12. Bxd5 cxd5 13. Nc3 e4 14. Ne5 Nf6
15. f3 exf3 16. Qxf3 Be6 17. Qd3 Rac8 18. Ra3 a6 19. Raa1 Nh7 20. Ne2 Rfe8 21.
c3 f6 22. Ng6 Qd7 23. Ng3 Bf7 24. Rfe1 Ng5 25. Nf4 Qg4 26. Qf5 Qxf5 27. Nxf5
Ne4 28. Ne3 Rcd8 29. Re2 g5 30. Nd3 Be6 31. Rf1 Kg7 32. Nf5+ Kg6 33. Ng3 Bg4
34. Re3 Nxg3 35. Rxg3 Be2 36. Re1 Bxd3 37. Rxe8 Rxe8 38. Rxd3 Re2 39. b4 b5 40.
axb5 axb5 41. Kf1 Rc2 42. Re3 g4 43. Kg1 h5 44. h3 Kf5 45. hxg4+ Kxg4 46. Rf3
Kg5 47. Kf1 h4 48. Kg1 f5 49. Kf1 f4 50. Kg1 Kf5 51. Kf1 Ke4 52. Rh3 Rd2 53.
Rf3 Rd3 54. Ke2 Re3+ 55. Kf2 Rxf3+ 56. gxf3+ Kd3 0-1

[Event "17. Int. Boeblinger Open"]
[Site "Boeblingen"]
[Date "2000.12.28"]
[Round "4"]
[White "Kalod, Radek"]
[Black "Werner, Clemens"]
[Result "1/2-1/2"]
[WhiteElo "2466"]
[BlackElo "2347"]
[PlyCount "53"]
[EventDate "2000.12.26"]

1. Nf3 c6 2. c4 d5 3. e3 e6 4. Nc3 Bd6 5. e4 dxe4 6. Nxe4 Be7 7. d4 Nf6 8. Nc3
O-O 9. Bd3 b6 10. O-O Bb7 11. Bg5 c5 12. dxc5 bxc5 13. Ne5 Nc6 14. Bxf6 Bxf6
15. Nd7 Bxc3 16. bxc3 Re8 17. Rb1 Na5 18. Nxc5 Bxg2 19. Kxg2 Qg5+ 20. Kh3 Qxc5
21. Rb5 Qc7 22. Bxh7+ Kxh7 23. Qh5+ Kg8 24. Rxa5 Qxc4 25. Rg1 Qd3+ 26. f3 Qh7
27. Qxh7+ 1/2-1/2

[Event "17. Int. Boeblinger Open"]
[Site "Boeblingen"]
[Date "2000.12.28"]
[Round "4"]
[White "Kleinschroth, Roland"]
[Black "Davari-Azar, Abbas"]
[Result "1-0"]
[WhiteElo "2188"]
[BlackElo "2003"]
[PlyCount "45"]
[EventDate "2000.12.26"]

1. e4 g6 2. d4 Bg7 3. Nc3 c6 4. Be3 d6 5. Qd2 Nf6 6. f3 Nbd7 7. Nh3 b5 8. d5 a6
9. dxc6 Ne5 10. Nf4 Nxc6 11. Ncd5 Nd7 12. c4 bxc4 13. Bxc4 Rb8 14. Nc3 Nde5 15.
Be2 O-O 16. O-O Qa5 17. Rac1 Qb4 18. b3 Bb7 19. Nfd5 Qa3 20. Nb1 Qa5 21. Nxe7+
Kh8 22. Qxa5 Nxa5 23. Rfd1 1-0

[Event "17. Int. Boeblinger Open"]
[Site "Boeblingen"]
[Date "2000.12.28"]
[Round "4"]
[White "Lindemann, Stefan"]
[Black "Klovans, Janis"]
[Result "1/2-1/2"]
[WhiteElo "2348"]
[BlackElo "2466"]
[PlyCount "83"]
[EventDate "2000.12.26"]

1. d4 Nf6 2. c4 e6 3. Nf3 d5 4. Nc3 Be7 5. Bg5 O-O 6. e3 h6 7. Bh4 b6 8. Bd3
Bb7 9. O-O Nbd7 10. Qe2 Ne4 11. Bg3 Nxg3 12. hxg3 Nf6 13. Rac1 c5 14. Rfd1 cxd4
15. Nxd4 Rc8 16. a3 dxc4 17. Bxc4 Qc7 18. Ba2 Qe5 19. g4 Qg5 20. f3 Bc5 21. Re1
Rfd8 22. Rcd1 h5 23. Bxe6 fxe6 24. Nxe6 Qxe3+ 25. Qxe3 Bxe3+ 26. Rxe3 Rxd1+ 27.
Nxd1 hxg4 28. Nc3 Re8 29. Kf2 g3+ 30. Ke2 Ba6+ 31. Kd2 Bf1 32. Nf4 Rxe3 33.
Kxe3 g5 34. Nfe2 Nh5 35. Ne4 Bxg2 36. N2xg3 Nxg3 37. Nxg3 Kf7 38. Ne4 Kg6 39.
Kf2 Bh3 40. Kg3 Bf5 41. Nc3 Kf6 42. f4 1/2-1/2

[Event "17. Int. Boeblinger Open"]
[Site "Boeblingen"]
[Date "2000.12.28"]
[Round "4"]
[White "Luther, Thomas"]
[Black "Schlecht, Daniel"]
[Result "1-0"]
[WhiteElo "2538"]
[BlackElo "2348"]
[PlyCount "117"]
[EventDate "2000.12.26"]

1. e4 e6 2. d4 d5 3. Nd2 c5 4. exd5 Qxd5 5. Ngf3 cxd4 6. Bc4 Qd6 7. O-O Nf6 8.
Nb3 Nc6 9. Nbxd4 Nxd4 10. Nxd4 a6 11. Re1 Qc7 12. Bb3 Bd6 13. Nf5 Bxh2+ 14. Kh1
O-O 15. Nxg7 Rd8 16. Qf3 Kxg7 17. Bh6+ Kg6 18. c3 Nh5 19. Re4 Kxh6 20. Rh4 Qe5
21. Rxh2 Bd7 22. Qxf7 Bc6 23. f4 Qf5 24. Qxf5 exf5 25. Bf7 Rd2 26. Bxh5 Rxg2
27. Be2+ Rxh2+ 28. Kxh2 Re8 29. Bd3 Rd8 30. Bxf5 Rd2+ 31. Kh3 Rxb2 32. Re1 Kg7
33. Rg1+ Kf6 34. Bxh7 Rxa2 35. Rg6+ Ke7 36. f5 Rf2 37. Re6+ Kf7 38. Bg6+ Kf8
39. Rd6 a5 40. f6 Re2 41. Rd8+ Re8 42. Bxe8 Bxe8 43. Kg4 Kf7 44. Kf5 Bc6 45.
Ke5 a4 46. Rc8 Bf3 47. Rc7+ Kf8 48. Rc4 b5 49. Rc8+ Kf7 50. Rc7+ Kf8 51. Rc8+
Kf7 52. Rc7+ Kf8 53. f7 Kg7 54. Ke6 Bh5 55. Ra7 Bg6 56. Rc7 Bh5 57. Rb7 Bg6 58.
f8=Q+ Kxf8 59. Kf6 1-0

[Event "17. Int. Boeblinger Open"]
[Site "Boeblingen"]
[Date "2000.12.28"]
[Round "4"]
[White "Messner, Harry"]
[Black "Duppel, Matthias"]
[Result "0-1"]
[WhiteElo "2176"]
[BlackElo "2390"]
[PlyCount "40"]
[EventDate "2000.12.26"]

1. d4 d5 2. Nf3 c6 3. g3 Bg4 4. Bg2 Nd7 5. O-O e6 6. b3 Bd6 7. c4 Qe7 8. Bb2 f5
9. Nc3 Ngf6 10. a4 a5 11. Ne1 O-O 12. f4 Kh8 13. Nd3 g5 14. Qd2 gxf4 15. gxf4
Rg8 16. Kh1 Rg6 17. Ne5 Rh6 18. e3 Rg8 19. Rf2 Bb4 20. Nxd7 Qxd7 0-1

[Event "17. Int. Boeblinger Open"]
[Site "Boeblingen"]
[Date "2000.12.28"]
[Round "4"]
[White "Moessner, Bernhard"]
[Black "Hanisch, Joerg"]
[Result "1-0"]
[WhiteElo "2013"]
[BlackElo "2199"]
[PlyCount "71"]
[EventDate "2000.12.26"]

1. e4 c5 2. Nf3 d6 3. d4 cxd4 4. Nxd4 Nf6 5. Nc3 a6 6. Bc4 e6 7. Bb3 Nbd7 8. f4
Nc5 9. Qf3 Qc7 10. Be3 b5 11. e5 Bb7 12. Qg3 Nfe4 13. Nxe4 Nxe4 14. Qg4 dxe5
15. fxe5 Qxe5 16. O-O-O Be7 17. Rhe1 h5 18. Qh3 Rd8 19. Kb1 g5 20. g4 hxg4 21.
Qxg4 Rh4 22. Qg1 Bd5 23. Bxd5 Rxd5 24. Nf3 Nc3+ 25. bxc3 Qxc3 26. Rxd5 Rb4+ 27.
Kc1 Rb2 28. Rd2 Ba3 29. Kd1 Qc4 30. Rd8+ Kxd8 31. Nd2 Qxc2+ 32. Ke2 Qc4+ 33.
Kf3 Qd5+ 34. Ne4 Qf5+ 35. Kg3 Qxe4 36. Bb6+ 1-0

[Event "17. Int. Boeblinger Open"]
[Site "Boeblingen"]
[Date "2000.12.28"]
[Round "4"]
[White "Niklasch, Oliver"]
[Black "Kekelidze, Mikheil"]
[Result "0-1"]
[WhiteElo "2363"]
[BlackElo "2512"]
[PlyCount "44"]
[EventDate "2000.12.26"]

1. d4 Nf6 2. c4 c5 3. d5 d6 4. Nc3 g6 5. Nf3 Bg7 6. e4 O-O 7. h3 e6 8. Bd3 exd5
9. cxd5 b5 10. Nxb5 Re8 11. Nc3 Nxe4 12. Nxe4 f5 13. Nfg5 fxe4 14. Nxe4 Bf5 15.
Qe2 c4 16. Bc2 Bxe4 17. Bxe4 Qh4 18. g4 c3 19. Rb1 Nd7 20. Kf1 Nc5 21. f3 Nxe4
22. fxe4 Qg3 0-1

[Event "17. Int. Boeblinger Open"]
[Site "Boeblingen"]
[Date "2000.12.28"]
[Round "4"]
[White "Ortmann, David"]
[Black "Lomineishvili, Maia"]
[Result "0-1"]
[WhiteElo "2198"]
[BlackElo "2412"]
[PlyCount "102"]
[EventDate "2000.12.26"]

1. Nf3 Nf6 2. c4 g6 3. Nc3 Bg7 4. e4 O-O 5. d4 d6 6. Be2 e5 7. O-O Nc6 8. d5
Ne7 9. b4 a5 10. Ba3 Nd7 11. bxa5 Rxa5 12. Bb4 Ra8 13. a4 b6 14. a5 bxa5 15.
Bxa5 Ba6 16. Nb5 Bxb5 17. cxb5 Bh6 18. Qc2 Ra7 19. Bd2 Rxa1 20. Rxa1 Bxd2 21.
Nxd2 f5 22. Nb3 Nf6 23. Ra7 Ne8 24. Nd2 Qb8 25. Qa4 Qb6 26. Ra6 Qc5 27. Qc4
Qxc4 28. Bxc4 Nc8 29. Bb3 Kg7 30. exf5 gxf5 31. Nc4 Nf6 32. b6 Nxb6 33. Nxb6
Rb8 34. Bc2 Rxb6 35. Rxb6 cxb6 36. Bxf5 Nxd5 37. Be6 Nc3 38. Kf1 Kf6 39. Bg8 h6
40. Ke1 b5 41. Kd2 Ne4+ 42. Ke3 Nc5 43. f4 exf4+ 44. Kxf4 b4 45. Ke3 Ke5 46. g4
d5 47. h4 d4+ 48. Kd2 Kf4 49. g5 hxg5 50. h5 Kf5 51. Bf7 Kf6 0-1

[Event "17. Int. Boeblinger Open"]
[Site "Boeblingen"]
[Date "2000.12.28"]
[Round "4"]
[White "Pelt, Alexander"]
[Black "Schneider, Heiko"]
[Result "1-0"]
[WhiteElo "2105"]
[BlackElo "2277"]
[PlyCount "81"]
[EventDate "2000.12.26"]

1. e4 c5 2. Nf3 d6 3. d4 cxd4 4. Nxd4 Nf6 5. Nc3 g6 6. Be3 Bg7 7. Be2 O-O 8.
O-O Nc6 9. h3 a6 10. a4 Qc7 11. Qd2 Re8 12. f4 Nxd4 13. Bxd4 e5 14. fxe5 dxe5
15. Be3 Qc6 16. Bf3 Be6 17. Rad1 Rac8 18. Rf2 Bf8 19. Bg5 Nd7 20. Qe1 Bc5 21.
Be3 Qb6 22. Bxc5 Nxc5 23. Rb1 Qb4 24. a5 Nd7 25. Nd5 Qc5 26. b4 Qc4 27. Ne3 Qc3
28. Qxc3 Rxc3 29. Nd1 Rc7 30. Rd2 Rec8 31. Ne3 Kf8 32. c4 Ke7 33. c5 Ke8 34.
Nd5 Rc6 35. Bd1 Bxd5 36. exd5 Rf6 37. Ba4 Ke7 38. Re2 Rf4 39. Bxd7 Kxd7 40.
Rxe5 Re8 41. c6+ 1-0

[Event "17. Int. Boeblinger Open"]
[Site "Boeblingen"]
[Date "2000.12.28"]
[Round "4"]
[White "Rudolph, Peter"]
[Black "Huth, Arno"]
[Result "1/2-1/2"]
[WhiteElo "2195"]
[BlackElo "2017"]
[PlyCount "33"]
[EventDate "2000.12.26"]

1. e4 c6 2. d4 d5 3. e5 Bf5 4. Nc3 e6 5. g4 Bg6 6. Nge2 Qh4 7. Nf4 Bb4 8. h3
Be4 9. Rg1 c5 10. Bd2 Bxc3 11. Bxc3 Nc6 12. Rg3 cxd4 13. Bxd4 Qg5 14. Ne2 Nge7
15. f4 Qh4 16. Bf2 Ng6 17. Qd2 1/2-1/2

[Event "17. Int. Boeblinger Open"]
[Site "Boeblingen"]
[Date "2000.12.28"]
[Round "4"]
[White "Stock, Juergen"]
[Black "Hoen, Lothar"]
[Result "0-1"]
[WhiteElo "2019"]
[BlackElo "2224"]
[PlyCount "78"]
[EventDate "2000.12.26"]

1. d4 c5 2. e3 d5 3. c3 Nc6 4. Bd3 Nf6 5. f4 Bg4 6. Nf3 e6 7. O-O Be7 8. Nbd2
O-O 9. Qe1 Bxf3 10. Rxf3 Nd7 11. Rh3 f5 12. g4 g6 13. g5 c4 14. Bc2 b5 15. Nf3
Rf7 16. Bd2 a5 17. Rg3 Bd6 18. h4 Rg7 19. Rh3 Nb6 20. Kg2 b4 21. Qd1 Qe8 22.
Ba4 bxc3 23. bxc3 Nxa4 24. Qxa4 Rb7 25. Bc1 Ne7 26. Qc2 Ra6 27. Rb1 Rab6 28.
Rxb6 Rxb6 29. Kg3 Qb5 30. Rh2 a4 31. h5 a3 32. hxg6 Nxg6 33. Qd1 Rb7 34. Ne1
Qb1 35. Qc2 Kg7 36. Nf3 Nf8 37. Ne1 Nd7 38. Rh1 Kg8 39. Qh2 Nf8 0-1

[Event "17. Int. Boeblinger Open"]
[Site "Boeblingen"]
[Date "2000.12.28"]
[Round "4"]
[White "Weise, Martin"]
[Black "Michalczak, Thomas"]
[Result "1/2-1/2"]
[WhiteElo "2163"]
[BlackElo "2282"]
[PlyCount "40"]
[EventDate "2000.12.26"]

1. e4 c5 2. Nc3 Nc6 3. Bb5 g6 4. Bxc6 dxc6 5. d3 Bg7 6. Nge2 Nf6 7. h3 Nd7 8.
Be3 b6 9. Qd2 e5 10. Bh6 Bxh6 11. Qxh6 Qe7 12. O-O Qf8 13. Qe3 Qg7 14. f4 f6
15. Rf2 O-O 16. Raf1 Bb7 17. Qg3 Rae8 18. Nd1 Re7 19. Ne3 b5 20. Nc3 h5 1/2-1/2

[Event "17. Int. Boeblinger Open"]
[Site "Boeblingen"]
[Date "2000.12.28"]
[Round "4"]
[White "Werner, Isabel"]
[Black "Schwenk, Andreas"]
[Result "1-0"]
[WhiteElo "2259"]
[BlackElo "2164"]
[PlyCount "77"]
[EventDate "2000.12.26"]

1. e4 c5 2. c3 d6 3. d4 Nf6 4. Bd3 cxd4 5. cxd4 g6 6. Nc3 Bg7 7. Nf3 O-O 8. O-O
Nc6 9. d5 Nb4 10. Be2 Na6 11. Bxa6 bxa6 12. Be3 Ng4 13. Bd4 Bh6 14. Qe2 f6 15.
h3 Ne5 16. Nh2 Bf4 17. g3 Bh6 18. f4 Nd7 19. Rae1 Nb6 20. Qg2 Bb7 21. g4 Rc8
22. g5 Bg7 23. f5 Qe8 24. h4 Rc4 25. gxf6 Bxf6 26. Bxf6 Rxf6 27. Ng4 Rf8 28. h5
Na4 29. Nxa4 Rxa4 30. b3 Rb4 31. Qb2 Rf6 32. hxg6 hxg6 33. Nxf6+ exf6 34. Qxf6
Rxe4 35. Rxe4 Qxe4 36. Qxg6+ Kh8 37. Qf6+ Kg8 38. Qe6+ Qxe6 39. dxe6 1-0

[Event "17. Int. Boeblinger Open"]
[Site "Boeblingen"]
[Date "2000.12.28"]
[Round "4"]
[White "Wornath, Kai Rudolf"]
[Black "Schmidt-Schaeffer, Sebastian"]
[Result "1-0"]
[WhiteElo "2391"]
[BlackElo "2314"]
[PlyCount "37"]
[EventDate "2000.12.26"]

1. d4 f5 2. Nc3 d5 3. e4 dxe4 4. Bf4 Nf6 5. f3 c6 6. Bc4 Nbd7 7. Nh3 Nb6 8. Bb3
Nbd5 9. O-O e6 10. fxe4 Nxc3 11. bxc3 Nxe4 12. Be5 Qe7 13. Qd3 Bd7 14. a4 O-O-O
15. Rab1 Qa3 16. Bc4 c5 17. Ba6 Bc6 18. Bxb7+ Bxb7 19. Rxb7 1-0

[Event "17. Int. Boeblinger Open"]
[Site "Boeblingen"]
[Date "2000.12.28"]
[Round "4"]
[White "Zeller, Frank"]
[Black "Scholz, Christian"]
[Result "1-0"]
[WhiteElo "2434"]
[BlackElo "2324"]
[PlyCount "109"]
[EventDate "2000.12.26"]

1. e4 c5 2. Nf3 d6 3. d4 cxd4 4. Nxd4 Nf6 5. Nc3 a6 6. Bc4 e6 7. Bb3 b5 8. f4
Bb7 9. O-O Nc6 10. Nxc6 Bxc6 11. f5 b4 12. Na4 e5 13. Be3 Rb8 14. c3 Be7 15.
cxb4 Rxb4 16. Nc3 O-O 17. Rc1 Nxe4 18. Nd5 Bxd5 19. Qxd5 Bg5 20. Bxg5 Nxg5 21.
Rc4 Qb6+ 22. Kh1 h6 23. f6 g6 24. Rc6 Qb7 25. Rxd6 Ne4 26. Qxb7 Rxb7 27. Rd5
Re8 28. Re1 Nxf6 29. Rdxe5 Rxe5 30. Rxe5 Kf8 31. Kg1 Rc7 32. Ra5 Ne4 33. h4
Rc1+ 34. Kh2 Nc5 35. Bd5 Rc2 36. b4 Nd3 37. a3 Nf4 38. Bf3 g5 39. hxg5 hxg5 40.
Rxg5 Ne6 41. Ra5 Nd4 42. Bd5 Rc3 43. Rxa6 Nb5 44. Rf6 Ke7 45. Rxf7+ Kd6 46. a4
Nd4 47. Bf3 Rb3 48. a5 Rxb4 49. a6 Ra4 50. a7 Ke6 51. Rc7 Nb5 52. Rc6+ Kd7 53.
Rc4 Rxa7 54. Bc6+ Kd6 55. Bxb5 1-0

[Event "17. Int. Boeblinger Open"]
[Site "Boeblingen"]
[Date "2000.12.28"]
[Round "4"]
[White "Zimmer, Frank"]
[Black "Becking, Stephan"]
[Result "0-1"]
[WhiteElo "2079"]
[BlackElo "2275"]
[PlyCount "80"]
[EventDate "2000.12.26"]

1. e4 e6 2. d3 d5 3. Nd2 c5 4. Ngf3 Nf6 5. g3 g6 6. Bg2 Bg7 7. O-O O-O 8. Qe2
Nc6 9. Re1 h6 10. Nf1 e5 11. h3 Be6 12. c3 Qd7 13. Kh2 Rad8 14. b4 cxb4 15.
cxb4 dxe4 16. dxe4 Nxb4 17. Ba3 Qa4 18. Bxb4 Qxb4 19. Nxe5 Qe7 20. Nf3 Nd7 21.
Rac1 Nc5 22. Red1 Rxd1 23. Rxd1 Rd8 24. Rxd8+ Qxd8 25. Qb5 b6 26. N1d2 Bxa2 27.
Qe2 Be6 28. e5 a5 29. Nc4 Qd3 30. Qxd3 Nxd3 31. Nxb6 Nxe5 32. Nd2 Nd3 33. f4
Bd4 34. Nbc4 a4 35. Bc6 Nc5 36. Na3 Bc3 37. Ndc4 Bb4 38. Nc2 Bxc4 39. Nxb4 a3
40. Nc2 a2 0-1